|
|
|
|
| LEADER |
01264nam a2200349Ii 4500 |
| 001 |
34548 |
| 003 |
BD-DhAAL |
| 005 |
20190410155359.0 |
| 008 |
190410r20172014ii 001 0 eng d |
| 999 |
|
|
|c 40098
|d 40098
|
| 020 |
|
|
|a 9789380250649
|
| 020 |
|
|
|a 9380250649
|
| 035 |
|
|
|a (OCoLC)902639576
|
| 035 |
|
|
|a (POOF1)47967
|
| 035 |
|
|
|a 8763363
|
| 040 |
|
|
|a GZM
|b eng
|e rda
|c GZM
|d CDX
|d PRC
|d NIC
|d BD-DhAAL
|
| 050 |
|
4 |
|a QA300
|b .T325 2014
|
| 082 |
0 |
4 |
|a 515
|2 23
|
| 100 |
1 |
|
|a Tao, Terence,
|d 1975-
|e author.
|9 31189
|
| 245 |
1 |
0 |
|a Analysis I /
|c Terence Tao
|
| 250 |
|
|
|a Third edition.
|
| 260 |
|
|
|a New Delhi, India :
|b Hindustan Book Agency (India),
|c c2014 [ reprinted 2017 ]
|
| 300 |
|
|
|a xiv, 349 pages ;
|c 24 cm.
|
| 490 |
1 |
|
|a Texts and readings in mathematics ;
|v 37-38
|
| 500 |
|
|
|a Includes indexes.
|
| 526 |
|
|
|a MNS
|
| 541 |
|
|
|a Karim International
|e 34548
|
| 650 |
|
0 |
|a Mathematical analysis.
|9 31190
|
| 830 |
|
0 |
|a Texts and readings in mathematics ;
|v 37-38.
|9 31191
|
| 852 |
|
|
|a Ayesha Abed Library
|c General Stacks
|
| 942 |
|
|
|2 ddc
|c BK
|
| 952 |
|
|
|0 0
|1 0
|2 ddc
|4 0
|6 515_000000000000000_TAO
|7 0
|9 65346
|a BRACUL
|b BRACUL
|c GEN
|d 2019-03-28
|e Karim International
|g 1350.00
|l 4
|m 48
|o 515 TAO
|p 3010034548
|r 2026-04-12
|s 2026-01-04
|t 1
|v 7696.00
|w 2019-03-28
|y BK
|z Under Process
|